Eurasian Business Perspectives Proceedings of the 20th Eurasia Business and Economics Society Conference - Vol. 1 /

This volume presents selected papers on recent management research from the 20th Eurasia Business and Economics Society (EBES) Conference, which was held in Vienna in 2016. Its primary goal is to showcase advances in the fields of accounting, auditing, marketing, and human resources in emerging econ...

Full description

Bibliographic Details
Corporate Author: SpringerLink (Online service)
Other Authors: Bilgin, Mehmet Huseyin (Editor, http://id.loc.gov/vocabulary/relators/edt), Danis, Hakan (Editor, http://id.loc.gov/vocabulary/relators/edt), Demir, Ender (Editor, http://id.loc.gov/vocabulary/relators/edt), Can, Ugur (Editor, http://id.loc.gov/vocabulary/relators/edt)
Format: Electronic eBook
Language:English
Published: Cham : Springer International Publishing : Imprint: Springer, 2018.
Edition:1st ed. 2018.
Series:Eurasian Studies in Business and Economics, 8/1
Subjects:
Online Access:Full Text via HEAL-Link
LEADER 03396nam a2200625 4500
001 978-3-319-67913-6
003 DE-He213
005 20200226063204.0
007 cr nn 008mamaa
008 171101s2018 gw | s |||| 0|eng d
020 |a 9783319679136  |9 978-3-319-67913-6 
024 7 |a 10.1007/978-3-319-67913-6  |2 doi 
040 |d GrThAP 
050 4 |a HF5469.7-5481 
050 4 |a HF1365 
072 7 |a KJSM  |2 bicssc 
072 7 |a BUS035000  |2 bisacsh 
072 7 |a KJSM  |2 thema 
082 0 4 |a 381  |2 23 
245 1 0 |a Eurasian Business Perspectives  |h [electronic resource] :  |b Proceedings of the 20th Eurasia Business and Economics Society Conference - Vol. 1 /  |c edited by Mehmet Huseyin Bilgin, Hakan Danis, Ender Demir, Ugur Can. 
250 |a 1st ed. 2018. 
264 1 |a Cham :  |b Springer International Publishing :  |b Imprint: Springer,  |c 2018. 
300 |a XVII, 389 p. 27 illus., 14 illus. in color.  |b online resource. 
336 |a text  |b txt  |2 rdacontent 
337 |a computer  |b c  |2 rdamedia 
338 |a online resource  |b cr  |2 rdacarrier 
347 |a text file  |b PDF  |2 rda 
490 1 |a Eurasian Studies in Business and Economics,  |x 2364-5067 ;  |v 8/1 
505 0 |a Accounting and Finance -- Management and Marketing -- Human Resources and Education -- Risk Management. . 
520 |a This volume presents selected papers on recent management research from the 20th Eurasia Business and Economics Society (EBES) Conference, which was held in Vienna in 2016. Its primary goal is to showcase advances in the fields of accounting, auditing, marketing, and human resources in emerging economies. This volume is unique in its special focus on empirical research perspectives from countries such as Lithuania, Russia, and the Visegrád Group (the Czech Republic, Hungary, Poland and Slovakia), among others. . 
650 0 |a Globalization. 
650 0 |a Markets. 
650 0 |a Accounting. 
650 0 |a Bookkeeping . 
650 0 |a Marketing. 
650 0 |a Personnel management. 
650 0 |a Economic development projects-Finance. 
650 1 4 |a Emerging Markets/Globalization.  |0 http://scigraph.springernature.com/things/product-market-codes/525010 
650 2 4 |a Accounting/Auditing.  |0 http://scigraph.springernature.com/things/product-market-codes/511000 
650 2 4 |a Marketing.  |0 http://scigraph.springernature.com/things/product-market-codes/513000 
650 2 4 |a Human Resource Management.  |0 http://scigraph.springernature.com/things/product-market-codes/517000 
650 2 4 |a Development Finance.  |0 http://scigraph.springernature.com/things/product-market-codes/625000 
700 1 |a Bilgin, Mehmet Huseyin.  |e editor.  |4 edt  |4 http://id.loc.gov/vocabulary/relators/edt 
700 1 |a Danis, Hakan.  |e editor.  |4 edt  |4 http://id.loc.gov/vocabulary/relators/edt 
700 1 |a Demir, Ender.  |e editor.  |4 edt  |4 http://id.loc.gov/vocabulary/relators/edt 
700 1 |a Can, Ugur.  |e editor.  |4 edt  |4 http://id.loc.gov/vocabulary/relators/edt 
710 2 |a SpringerLink (Online service) 
773 0 |t Springer eBooks 
776 0 8 |i Printed edition:  |z 9783319679129 
776 0 8 |i Printed edition:  |z 9783319679143 
776 0 8 |i Printed edition:  |z 9783319885094 
830 0 |a Eurasian Studies in Business and Economics,  |x 2364-5067 ;  |v 8/1 
856 4 0 |u https://doi.org/10.1007/978-3-319-67913-6  |z Full Text via HEAL-Link 
912 |a ZDB-2-BUM 
950 |a Business and Management (Springer-41169)